000 00687nam a2200205Ia 4500
003 IN-BaIIA
008 211028s9999 xx 000 0 eng d
040 _cIIA Library
080 _a524.1
_bGIN
245 4 _aThe Astrophysics of cosmic rays
_cedited by V. L. Ginzburg; translated from the Russian by L. J. Reinders
250 _a2nd rev. & suppl. ed.
260 _aJerusalem
_bIsrael Program for Scientific Translations
_c1969
300 _aviii, 60p.
500 _aTranslation of: Astrofizika kosmicheskikh lucheĭ
650 _aCosmic rays
650 _aNuclear astrophysics
_96628
700 _aGinzburg, V. L., ed.
_96629
700 _aReinders, L. J., tr.
_96630
942 _cBK
999 _c3735
_d3735